Statistiques concernant Culture générale par lettre - C.

Cliquez ici pour prendre le quiz!

Statistiques générales

  • Ce quiz a été pris 3 144 fois
  • Le résultat moyen est 9 sur 15

Statistiques - réponses

QuestionsRéponses% Correct
Marque automobile Française, avec des modèles comme la "C3" ou le "Berlingo".Citröen
97%
Peut-être jaune ou rouge au Football.Carton
95%
Roi des Francs et empereur décédé en 814, il appartient à la dynastie des Carolingiens.Charlemagne
88%
Sa capitale est Santiago.Chili
86%
Le brésil en est le premier producteur mondiale.Café
76%
Rugbyman "barbu" français né en 1977, ayant évolué à Lyon,au Racing 92 ou à Sale.Sébastien Chabal
76%
Chanteur français interprète de "En apesenteur" ou "Yalla".Calogero
75%
Nom d'un astronome et physicien suédois prénommé Anders, inventeur en 1742 d'une des premières échelles centigrades de température.Celsius
62%
La spécialité de cette ville est la "bétise", une friandise.Cambrai
51%
Voiture de loisir construite ne possédant pas de moteur et avançant grâce à la gravité, sur des pistes en pente. Il en existe des courses.Caisse à savon
41%
Nom de famille de Juliette dans la pièce "Roméo et Juliette".Capulet
41%
Nom de la musique sur laquelle dansent Alain Chabat et Gérard Darmon dans "La cité de la peur".La Carioca
39%
Capitale de la Guinée.Conakry
35%
Famille animal, regroupant notamment "le chameau", "le lama" ou l"alpaga".Camélidés
31%
Film ou 3 copains échafaudent un plan pour se débarrasser de leurs employeurs respectifs.Comment tuer son boss ?
18%

Distribution des résultats

Percentile par nombre de réponses

% des personnes avec chaque résultat

Votre développement - résultats

Vous n’avez pas pris ce quiz